[Event "Biel Interzonal"]
[Site "Biel"]
[Date "1993.??.??"]
[Round "7"]
[White "Xu Jun"]
[Black "Dvoirys, Semen I"]
[Result "1-0"]
[WhiteElo "2535"]
[BlackElo "2590"]

1.d4 Nf6 2.c4 g6 3.Nc3 d5 4.cxd5 Nxd5 5.e4 Nxc3 6.bxc3 Bg7 7.Bb5+ c6 8.Ba4 O-O
9.Ne2 c5 10.O-O cxd4 11.cxd4 Nc6 12.Be3 e6 13.Rb1 Na5 14.Bd2 Nc6 15.Bc3 Qh4
16.Qc2 Rd8 17.Rfd1 Bd7 18.g3 Qe7 19.d5 exd5 20.Bxg7 Kxg7 21.Rxb7 Ne5 22.Bxd7 Rxd7
23.Rxd7 Qxd7 24.exd5 Re8 25.Qe4 Qh3 26.Nf4 Qg4 27.Ne6+ Kf6 28.Qxg4 Nxg4 29.Nc5 Rd8
30.d6 Ne5 31.f4 Nd7 32.Ne4+ Kg7 33.Kf2 h6 34.Ke3 f5 35.Nc3 Kf7 36.Nb5 Rb8
37.Nd4 Rb6 38.Nf3 Rb5 39.Rd2 Ra5 40.Nd4 Ra3+ 41.Ke2 Ra6 42.Nb5 Ra5 43.Nc7 Rc5
44.Rd3 Rc2+ 45.Rd2 Rc6 46.Rd5 Rc2+ 47.Rd2 Rc4 48.Nb5 a5 49.Kd3 Rb4 50.Nc7 g5
51.fxg5 hxg5 52.Kc3 Re4 53.Rd5 Kf6 54.Rxa5 Re2 55.Ra8 Rxh2 56.Re8 f4 57.g4 f3
58.Nd5+ Kf7 59.Re7+ Kg6 60.Kd3 Nc5+ 61.Ke3 f2 62.Ke2 f1=Q+ 63.Kxf1 Rxa2 64.d7 Ra8
65.Re8 Ra1+ 66.Ke2 Ra2+ 67.Kd1  1-0

[Event "Biel op"]
[Site "Biel"]
[Date "1993.??.??"]
[Round "8"]
[White "Hoffman, Alejandro"]
[Black "Liss, Eran"]
[Result "0-1"]
[WhiteElo "2440"]
[BlackElo "2405"]

1.d4 Nf6 2.c4 g6 3.Nc3 d5 4.cxd5 Nxd5 5.e4 Nxc3 6.bxc3 Bg7 7.Nf3 O-O 8.Be2 b6
9.O-O c5 10.Be3 Bb7 11.Qd3 Nd7 12.d5 Qc7 13.Rad1 a6 14.c4 b5 15.Nd2 Nb6 16.Rc1 Na4
17.Nb3 b4 18.f4 Qb6 19.h4 Rac8 20.h5 Nc3 21.hxg6 hxg6 22.Bg4 f5 23.exf5 gxf5
24.Bxf5 Rxf5 25.Qxf5 Ne2+ 26.Kf2 Nxc1 27.Rxc1 a5 28.d6 Qxd6 29.Nxc5 Rf8 30.Qe6+ Qxe6
31.Nxe6 Rc8 32.Bc5 Rxc5 33.Nxc5 Bd4+ 34.Kg3 Bxc5 35.Re1 a4 36.Re5 Bd6 37.Rb5 Bc6
38.Rb6 Bd7 39.Kf3 Be6 40.c5 Bd5+ 41.Kg3 Bxc5 42.Rb5 Bxa2  0-1

[Event "Bled op"]
[Site "Bled"]
[Date "1993.??.??"]
[Round "?"]
[White "Kragelj, Igor"]
[Black "Ivacic, Vladimir"]
[Result "1-0"]
[WhiteElo "2285"]
[BlackElo "2325"]

1.d4 Nf6 2.c4 g6 3.Nc3 d5 4.cxd5 Nxd5 5.e4 Nxc3 6.bxc3 Bg7 7.Be3 c5 8.Qd2 Qa5
9.Rc1 O-O 10.Nf3 Rd8 11.d5 Nd7 12.c4 Qxd2+ 13.Nxd2 b6 14.Be2 Ne5 15.O-O f6
16.a4 e6 17.a5 exd5 18.cxd5 f5 19.f4 Bh6 20.Rc3 Ng4 21.Bxg4 fxg4 22.Rb1 Bg7
23.Ra3 bxa5 24.Rxa5 Bd7 25.Bxc5 Bc3 26.Ra2 Bf5 27.exf5 Rxd5 28.Be3 Re8 29.Nf1 a5
30.fxg6 hxg6 31.Kf2 Bb4 32.Kg3 Rd3 33.Kxg4 Rdxe3 34.Nxe3 Rxe3 35.Kg5 Kf7
36.Rc1 Re4 37.Rc7+ Ke6 38.g3 Kd6 39.Ra7  1-0

[Event "Wch U14"]
[Site "Bratislava"]
[Date "1993.??.??"]
[Round "1"]
[White "Leitao, Rafael"]
[Black "Leko, Peter"]
[Result "1/2-1/2"]
[WhiteElo "2360"]
[BlackElo "2465"]

1.d4 Nf6 2.c4 g6 3.Nc3 d5 4.cxd5 Nxd5 5.e4 Nxc3 6.bxc3 Bg7 7.Bb5+ c6 8.Ba4 b5
9.Bb3 b4 10.Qf3 O-O 11.Ne2 bxc3 12.Qxc3 Bb7 13.O-O c5 14.Qxc5 Bxe4 15.Ba3 Bf6
16.Rad1 Nd7 17.Qc1 Qa5 18.Bb2 Nb6 19.Nc3 Bb7 20.Rfe1 Rac8 21.Qh6 Nc4 22.Ba1 Nd6
23.Na4 Nf5 24.Qf4 Rfd8 25.Nc5 Bd5 26.Ne4 Bg7 27.Ng5 Bxb3 28.axb3 Qd5 29.Qf3 Nxd4
30.Bxd4 Bxd4 31.Rxd4 Qxg5 32.h4 Qc5 33.Rf4 f5 34.h5 Qd6 35.hxg6 hxg6 36.Rh4 Qf6
37.Qh3 Rc3 38.g3 Rd7 39.Rh7 Rcd3 40.Kh2 Rd2 41.Kg2 Qd4 42.Rf1 Re2 43.Qh6 Rd6
44.Kh1 Rde6 45.Kg2 a5 46.Kh3 Rc6 47.Kg2 Rce6 48.Kh3 g5 49.Qh5 Qg4+ 50.Kg2 Qxh5
51.Rxh5 Rg6 52.Rd1 Re5 53.Rd7 g4 54.Rd4 Rb5 55.Rf4 e6 56.Ra4 Rg7 57.Rh1 Rd7
58.Rha1 Rdd5 59.Rb1 Rd6 60.Rba1 Rxb3 61.Rxa5 Kf7 62.R1a3 Rbb6 63.Ra2 Kf6
64.R2a3 e5 65.R3a4 Re6 66.Rc5 Rb2 67.Rac4 e4 68.Rc2 Rbb6 69.Ra5 Kg5 70.Rcc5 Rf6
71.Rcb5 Rbc6 72.Rc5 Rcd6 73.Rd5 Rxd5 74.Rxd5 Rc6 75.Rd2 Rc3 76.Ra2 Rd3 77.Rb2 Kf6
78.Rb6+ Ke5 79.Rb5+ Rd5 80.Rb2 Kd4 81.Rd2+ Kc4 82.Rc2+ Kd3 83.Ra2 Rc5 84.Ra3+ Kd2
85.Ra2+ Rc2 86.Ra5 e3 87.fxe3 Kxe3+ 88.Kg1 Ke4 89.Ra4+ Kd5 90.Rf4 Ke5 91.Ra4 Rd2
92.Rb4 Rd4 93.Rb3 Ke4 94.Rb2 Ke3 95.Rb5 Ke4 96.Rb2 Ke3 97.Rb5 Rd1+ 98.Kg2 Rd2+
99.Kg1 Kf3 100.Rb3+  1/2-1/2

[Event "Bratislava op"]
[Site "Bratislava"]
[Date "1993.??.??"]
[Round "3"]
[White "Van de Berkmortel, Theo"]
[Black "Banas, Jan"]
[Result "0-1"]
[WhiteElo "2295"]
[BlackElo "2380"]

1.d4 Nf6 2.c4 g6 3.Nc3 d5 4.cxd5 Nxd5 5.e4 Nxc3 6.bxc3 Bg7 7.Bc4 c5 8.Ne2 O-O
9.O-O Nc6 10.Be3 Na5 11.Bd3 b6 12.f4 cxd4 13.cxd4 e6 14.Rc1 Bb7 15.Qd2 f5
16.e5 Qd7 17.Nc3 Rfd8 18.Rfd1 Bf8 19.Qe2 Rac8 20.Bb5 Qg7 21.a4 Bb4 22.Qb2 Qf8
23.Rc2 Nc4 24.Bxc4 Rxc4 25.Nb5 Rxc2 26.Qxc2 Rc8 27.Qb2 a6 28.Rb1 Be4 29.Qxb4 Bxb1
30.Nd6 Be4 31.Qxb6 Rb8 32.Qc7 Bd5 33.Bc1 Ra8 34.Ba3 Qg7 35.Qc5 Qd7 36.a5 Qa4
37.Kf2 Qd1 38.Nc8 Qd2+ 39.Kf1 Qxf4+ 40.Ke1 Qe3+ 41.Kf1 Qf4+ 42.Kg1 Qh6 43.Ne7+ Kh8
44.Bc1 Qh4 45.g3 Qe4 46.Nxd5 Qxd5 47.Qe7 Qxd4+ 48.Kg2 Qe4+ 49.Kh3 Qg4+ 50.Kg2 Qe2+
51.Kh3 Qf1+ 52.Kh4 Qxc1 53.Qf6+ Kg8 54.Qxe6+ Kg7  0-1

[Event "Wch U16 Girls"]
[Site "Bratislava"]
[Date "1993.??.??"]
[Round "9"]
[White "Kiseleva, Natalia"]
[Black "Peptan, Corina"]
[Result "0-1"]
[WhiteElo "2170"]
[BlackElo "2355"]

1.d4 Nf6 2.c4 g6 3.Nc3 d5 4.cxd5 Nxd5 5.e4 Nxc3 6.bxc3 Bg7 7.Bc4 c5 8.Ne2 O-O
9.Be3 Nc6 10.Rc1 Na5 11.Bd3 e5 12.dxe5 Qc7 13.f4 Be6 14.O-O Rfd8 15.Qc2 Qd7
16.Rcd1 Nc4 17.Bf2 Nxe5 18.Nc1 Nxd3 19.Rxd3 Qc6 20.Rxd8+ Rxd8  0-1

[Event "Wch U16"]
[Site "Bratislava"]
[Date "1993.??.??"]
[Round "11"]
[White "Gyimesi, Zoltan"]
[Black "Ruck, Robert"]
[Result "1/2-1/2"]
[WhiteElo "2395"]
[BlackElo "2360"]

1.d4 Nf6 2.c4 g6 3.Nc3 d5 4.cxd5 Nxd5 5.e4 Nxc3 6.bxc3 Bg7 7.Bb5+ Bd7 8.Be2 c5
9.Nf3 Bg4 10.Rb1 cxd4 11.cxd4 b6 12.O-O O-O 13.Be3 Nc6 14.d5 Bxf3 15.Bxf3 Na5
16.Qa4 Qe8 17.Qb4 Qd7 18.Rfc1 Rfc8 19.Be2 e5 20.Bb5 Qd8 21.Ba6 Rxc1+ 22.Rxc1 Bf8
23.Qc3 Bd6 24.Bh6 Qe8 25.g3 Qe7 26.Qc8+ Qe8 27.Qc3 Qe7 28.Kg2 Re8 29.h4 Bc5
30.Bg5 f6 31.Be3 Bd6 32.h5 g5 33.Bc8 Kg7 34.Bf5 Nb7 35.Qc6 Rd8 36.h6+ Kh8
37.a4 Kg8 38.Qb5 Kf8 39.Qa6 Nc5 40.Bxc5 Bxc5 41.a5 Rb8 42.d6 Qb7 43.Qxb7 Rxb7
44.d7 Ke7 45.axb6 axb6 46.Ra1 Rb8 47.Ra7 Kd8 48.Kf3 Bf8 49.Ra1 Bxh6 50.Rh1 Bf8
51.Rxh7 Kc7 52.Rf7 Bc5 53.Rxf6 b5 54.Re6 Bd4 55.Re8 Rd8 56.Ke2 b4 57.f3 b3
58.Kd2 b2 59.Kc2 Bc3 60.Bh3 Bd4 61.Bg4 Bc3 62.Bf5 Bd4 63.Kb1 Bc3 64.Ka2 Bd4
65.Bh3 Bc3 66.Be6 Bd4 67.Bf5 Bc3 68.Kb1 Bd4 69.Kc2 Bc3 70.f4 gxf4 71.gxf4 exf4
72.e5 f3 73.e6 f2 74.Bh3 Bf6 75.e7 Bxe7 76.Rxe7 f1=Q 77.Bxf1 Rxd7 78.Re1 Rh7
79.Kxb2 Kd6 80.Kc3 Rh1  1/2-1/2

[Event "Brno-C"]
[Site "Brno"]
[Date "1993.??.??"]
[Round "?"]
[White "Orsag, Milan"]
[Black "Schlindwein, Rolf"]
[Result "1-0"]
[WhiteElo "2390"]
[BlackElo "2345"]

1.d4 Nf6 2.c4 g6 3.Nc3 d5 4.cxd5 Nxd5 5.e4 Nxc3 6.bxc3 Bg7 7.Be3 c5 8.Qd2 cxd4
9.cxd4 Nc6 10.Nf3 O-O 11.Rc1 e6 12.Be2 Ne7 13.O-O b6 14.Bg5 Bb7 15.Qe3 f6
16.Bf4 Rc8 17.Qb3 Qd7 18.Bb5 Bc6 19.Rxc6 Rxc6 20.d5 exd5 21.Nd4 a6 22.exd5 axb5
23.dxc6+ Qd5 24.Bd6 Qxb3 25.axb3 Kf7 26.Bxe7 Kxe7 27.Nxb5 f5 28.Re1+ Kd8
29.f4 Bf6 30.Rd1+ Ke7 31.Rd7+ Ke6 32.Nc7+  1-0

[Event "Bucharest schev"]
[Site "Bucharest"]
[Date "1993.??.??"]
[Round "?"]
[White "Bets, Anatolij"]
[Black "Khachian, Melikset"]
[Result "1-0"]
[WhiteElo "2260"]
[BlackElo "2415"]

1.d4 Nf6 2.c4 g6 3.Nc3 d5 4.cxd5 Nxd5 5.e4 Nxc3 6.bxc3 Bg7 7.Bb5+ c6 8.Ba4 b5
9.Bb3 b4 10.Qf3 O-O 11.Ne2 a5 12.a3 Ba6 13.h4 a4 14.Bc2 b3 15.Bd3 Bxd3 16.Qxd3 e5
17.h5 exd4 18.cxd4 Re8 19.hxg6 hxg6 20.Qh3 Rxe4 21.Qh7+ Kf8 22.Qh8+ Bxh8
23.Rxh8+ Ke7 24.Bg5+ f6 25.Bxf6+ Kxf6 26.Rxd8 Ra7 27.Kd2 Nd7 28.Kd3 Rg4 29.g3 c5
30.f4 cxd4 31.Kxd4 Rb7 32.Ke4 Ke6 33.Kd4 Ke7  1-0

[Event "Bucharest schev"]
[Site "Bucharest"]
[Date "1993.??.??"]
[Round "?"]
[White "Florescu, Codrut"]
[Black "Munteanu, Alexandru"]
[Result "1/2-1/2"]
[WhiteElo "2280"]
[BlackElo "2290"]

1.d4 Nf6 2.c4 g6 3.Nc3 d5 4.cxd5 Nxd5 5.e4 Nxc3 6.bxc3 Bg7 7.Bc4 Nc6 8.Ne2 O-O
9.O-O b6 10.Bg5 Bb7 11.Qd2 Qd6 12.Rad1 e6 13.e5 Nxe5 14.dxe5 Qc6 15.f3 Qxc4
16.Qe3 Qc5 17.Qxc5 bxc5 18.f4 f6 19.exf6 Bxf6 20.Bxf6 Rxf6 21.c4 Ba6 22.Rc1 Rd8
23.Nc3 Rd4 24.Nb5 Rdxf4 25.Rxf4 Rxf4 26.a4 Bxb5 27.axb5 Rd4 28.Kf2 Rd2+ 29.Kf3 Ra2
30.Re1 Ra3+ 31.Kf2 Kf7 32.Re5 Ke7 33.Rxc5 Kd7 34.h4 a6 35.h5 axb5 36.cxb5 Ra8
37.hxg6 hxg6 38.Ke3 Rf8 39.g4 Rg8 40.Kf4  1/2-1/2

[Event "Bucharest"]
[Site "Bucharest"]
[Date "1993.??.??"]
[Round "?"]
[White "Kiselev, Sergey"]
[Black "Rogozenko, Dorin"]
[Result "1-0"]
[WhiteElo "2510"]
[BlackElo "2480"]

1.d4 Nf6 2.c4 g6 3.Nc3 d5 4.cxd5 Nxd5 5.e4 Nxc3 6.bxc3 Bg7 7.Bb5+ c6 8.Ba4 O-O
9.Ne2 e5 10.O-O Nd7 11.Bb3 Qe7 12.Qc2 Re8 13.f3 Nb6 14.a4 Be6 15.a5 Bxb3
16.Qxb3 Nc8 17.Be3 Qc7 18.Ng3 Rd8 19.dxe5 Bxe5 20.f4 Bg7 21.e5 Rb8 22.Ne4 b6
23.axb6 axb6 24.c4 c5 25.Rfd1 Ne7 26.Rxd8+ Rxd8 27.Rd1 Nc6 28.Rd5 Nb4 29.Rd6 Rxd6
30.Nxd6 Qd8 31.Bd2 Nc6 32.Qf3 Ne7 33.Qb7 h6 34.Bc3 f6 35.Qe4 fxe5 36.Bxe5 Qf8
37.h3 Kh7 38.Bxg7 Qxg7 39.Qe6 Ng8 40.Ne4 Qc7 41.g3 Qa7 42.Kg2 Qa2+ 43.Kf3 Qb3+
44.Ke2 Qc2+ 45.Nd2 Qf5 46.Qxb6 Qxh3 47.Qa7+ Kh8 48.Qa1+ Kh7 49.Ne4 Qe6 50.Qa7+ Qe7
51.Qxe7+ Nxe7 52.Nxc5 g5 53.fxg5 hxg5 54.g4 Ng6 55.Nd3 Kg7 56.Ke3 Kf6 57.Kd4 Ke6
58.Nc5+ Ke7 59.Ne4  1-0

[Event "Bucharest Caissa"]
[Site "Bucharest"]
[Date "1993.??.??"]
[Round "11"]
[White "Groszpeter, Attila"]
[Black "Farkas, Tibor"]
[Result "1-0"]
[WhiteElo "2525"]
[BlackElo "2370"]

1.d4 Nf6 2.c4 g6 3.Nc3 d5 4.cxd5 Nxd5 5.e4 Nxc3 6.bxc3 Bg7 7.Bb5+ Nd7 8.Ne2 O-O
9.O-O e6 10.Be3 a6 11.Bd3 c5 12.Rb1 b5 13.a4 c4 14.Bc2 Rb8 15.Qc1 Qa5 16.axb5 axb5
17.Bh6 b4 18.Bxg7 Kxg7 19.cxb4 Rxb4 20.Qe1 Rb5 21.Rxb5 Qxb5 22.Qc3 f6 23.Ra1 Nb6
24.Rb1 Qc6 25.Qb4 Na8 26.f3 Bd7 27.Nc3 Rf7 28.Kf1 Nc7 29.Qb6 Qxb6 30.Rxb6 Bc8
31.Ke2 f5 32.Ke3 Re7 33.Rc6 Ba6 34.Bd1 Kf7 35.Be2 Bb7 36.Rc5 fxe4 37.fxe4 Ba6
38.Bxc4 Bxc4 39.Rxc4 Nd5+ 40.Kf3 Rc7 41.Rxc7+ Nxc7 42.Ke3 Ne8 43.Kd3 Nd6
44.Nd1 h5 45.Ne3 Ke7 46.Nc4 Nb5 47.d5 exd5 48.exd5 Kf6 49.Ke4 h4 50.h3 g5
51.Ne3 Nd6+ 52.Kd4 Nb7 53.Ke4 Nd6+ 54.Kf3 Kg7 55.Kg4 Kg6 56.Nc2 Nc4 57.Kf3 Nd6
58.Nd4 Nc4 59.Ke4 Kf6 60.Nb5 Ne5 61.Nd6 Nd7 62.Nc4 Nc5+ 63.Kd4 Nb3+ 64.Ke3 Kf5
65.Nd6+ Ke5 66.Ne4 Kf5 67.d6 Na5 68.d7 Nc6 69.Nc5  1-0

[Event "Budapest FS02 IM"]
[Site "Budapest"]
[Date "1993.??.??"]
[Round "?"]
[White "Krutti, Valer"]
[Black "Piankov, Evgenij"]
[Result "0-1"]
[WhiteElo "2345"]
[BlackElo "2310"]

1.d4 Nf6 2.c4 g6 3.Nc3 d5 4.cxd5 Nxd5 5.e4 Nxc3 6.bxc3 Bg7 7.Bc4 O-O 8.Ne2 Nc6
9.Be3 e5 10.d5 Na5 11.Bd3 b6 12.O-O f5 13.f3 f4 14.Bf2 g5 15.c4 Rf6 16.g4 fxg3
17.Nxg3 Bh3 18.Re1 Rg6 19.Nh5 Bf8 20.Kh1 Nb7 21.Rg1 Nc5 22.Bc2 Bd6 23.Be3 Kh8
24.Qd2 g4 25.f4 Qh4 26.Ng3 Qf6 27.Rae1 exf4 28.Bd4 Be5 29.Nh5 Qg5 30.Nxf4 Rf6
31.Bxe5 Qxe5 32.Nxh3 gxh3 33.Rg5 Qf4 34.Qxf4 Rxf4 35.Rh5 Rf2 36.Bb1 Raf8
37.Kg1 Rg2+ 38.Kh1 Re2 39.Rc1 Nxe4 40.Bxe4 Rxe4 41.Rxh3 Rf2 42.Ra3 a5 43.c5 Ree2
44.cxb6 Rxh2+ 45.Kg1 Reg2+ 46.Kf1 cxb6 47.d6 Rd2 48.Kg1 Rhe2 49.Rc8+ Kg7
50.Rc7+ Kf6 51.Rf3+ Ke6 52.Kf1 Rh2 53.Kg1 Kxd6 54.Rff7 Rdg2+ 55.Kf1 Rf2+  0-1

[Event "Budapest FS02 IM"]
[Site "Budapest"]
[Date "1993.??.??"]
[Round "?"]
[White "Piankov, Evgenij"]
[Black "Farkas, Tibor"]
[Result "1/2-1/2"]
[WhiteElo "2310"]
[BlackElo "2370"]

1.d4 Nf6 2.c4 g6 3.Nc3 d5 4.cxd5 Nxd5 5.e4 Nxc3 6.bxc3 Bg7 7.Qa4+ Nd7 8.Be3 c5
9.Rc1 cxd4 10.cxd4 O-O 11.h3 e6 12.Nf3 Nb6 13.Qb3 Bd7 14.Bb5 Qe8 15.Bxd7 Qxd7
16.O-O Rfc8 17.Rfd1 Rxc1 18.Rxc1 Rc8 19.Rxc8+ Nxc8 20.Ne5 Qe7 21.Nc4 Qd7
22.Ne5 Qe7 23.Qa4 Qd8 24.Nd3 Bf8 25.Qb3 Qc7 26.Bf4 Bd6 27.e5 Bf8 28.d5 exd5
29.Qxd5 Ne7 30.Qd4 Nc6 31.Qc4 Qd7 32.Be3 Qe6 33.Qxe6 fxe6 34.f4 b6 35.Kf2 h5
36.Ke2 Kf7 37.Kd2 Nb4 38.Nxb4 Bxb4+ 39.Kd3 Ba5 40.Kc4 a6 41.Kd4 Bb4 42.Kc4 Ba5
43.g4 hxg4 44.hxg4 Ke7 45.Kd3 b5 46.Bc5+ Kd7 47.Ke4 Bc3 48.Bf8 Kc6  1/2-1/2

[Event "Budapest FS02 IM"]
[Site "Budapest"]
[Date "1993.??.??"]
[Round "?"]
[White "Kahn, Evarth"]
[Black "Farkas, Tibor"]
[Result "1/2-1/2"]
[WhiteElo "2360"]
[BlackElo "2370"]

1.d4 Nf6 2.c4 g6 3.Nc3 d5 4.cxd5 Nxd5 5.e4 Nxc3 6.bxc3 Bg7 7.Bc4 c5 8.Ne2 Nc6
9.Be3 O-O 10.O-O Na5 11.Bd3 cxd4 12.cxd4 Bg4 13.Rc1 Rc8 14.f3 Bd7 15.Qd2 e6
16.e5 Nc6 17.f4 Ne7 18.Be4 Bc6 19.Bxc6 Rxc6 20.Rxc6 Nxc6 21.Rd1 Ne7 22.Nc3 Nd5
23.Nxd5 Qxd5 24.Rc1 Rd8 25.Rc7 Bf8 26.Qc2 Rd7 27.Rc8 Rd8  1/2-1/2

[Event "Budapest FS07 IM-B"]
[Site "Budapest"]
[Date "1993.??.??"]
[Round "1"]
[White "Eperjesi, Laszlo"]
[Black "Dobos, Jozsef"]
[Result "1/2-1/2"]
[WhiteElo "2315"]
[BlackElo "2350"]

1.d4 Nf6 2.c4 g6 3.Nc3 d5 4.cxd5 Nxd5 5.e4 Nxc3 6.bxc3 Bg7 7.Be3 c5 8.Qd2 cxd4
9.cxd4 Nc6 10.Rd1 O-O 11.Be2 e5 12.dxe5 Qxd2+ 13.Bxd2 Bxe5 14.Bc4 Bg7 15.Ne2 Ne5
16.Bd5 Nd3+ 17.Kf1 Be6 18.Bxe6 fxe6 19.Be3 Rad8 20.g3 b6 21.Kg2 Nc5  1/2-1/2

[Event "Budapest FS03 IM"]
[Site "Budapest"]
[Date "1993.??.??"]
[Round "1"]
[White "Kahn, Evarth"]
[Black "Rade, Miroslav"]
[Result "1/2-1/2"]
[WhiteElo "2360"]
[BlackElo "2255"]

1.d4 Nf6 2.c4 g6 3.Nc3 d5 4.cxd5 Nxd5 5.e4 Nxc3 6.bxc3 Bg7 7.Bc4 c5 8.Ne2 O-O
9.O-O Nc6 10.Be3 Bg4 11.f3 Bd7 12.Rc1 Rc8 13.Qd2 b5 14.Bd3 Qa5 15.dxc5 Rfd8
16.Rfd1 Be8 17.f4 e5 18.Qc2 exf4 19.Nxf4 b4 20.cxb4 Nxb4 21.Qe2 Qxa2 22.Nd5 Qxe2
23.Bxe2 a5 24.Ne7+ Kf8 25.Nxc8 Rxc8 26.Bg4 Ra8 27.Bd7 Bxd7 28.Rxd7 a4 29.c6 Ke8
30.Ra7 Rxa7 31.Bxa7 Kd8 32.Rc4 a3 33.Bd4 Bf8 34.Kf1 Bd6 35.Ke2 Kc7 36.Kd1 Nxc6
37.e5 Bf8 38.Kc2 Kd7 39.Bc3 Ne7 40.Bb4 Nd5 41.Rd4 Bxb4 42.Rxd5+ Ke6 43.Rb5  1/2-1/2

[Event "Budapest FS12 IM-A"]
[Site "Budapest"]
[Date "1993.??.??"]
[Round "1"]
[White "Eperjesi, Laszlo"]
[Black "Keschitz, Gyorgy"]
[Result "1-0"]
[WhiteElo "2315"]
[BlackElo "2275"]

1.d4 Nf6 2.c4 g6 3.Nc3 d5 4.cxd5 Nxd5 5.e4 Nxc3 6.bxc3 Bg7 7.Be3 c5 8.Bb5+ Nc6
9.Qd2 Qa5 10.Rb1 O-O 11.Ne2 Rd8 12.d5 a6 13.Bxc6 bxc6 14.c4 Qxd2+ 15.Kxd2 cxd5
16.exd5 e6 17.Bxc5 exd5 18.Bb6 Rd7 19.c5 Bb7 20.Kd3 d4 21.f3 Re8 22.Rhe1 Re3+
23.Kd2 Bh6 24.f4 Bxg2 25.Ba5 Ra3 26.Rb8+ Kg7 27.Bb4 Rxa2+ 28.Kd3 f5 29.Nxd4 Bxf4
30.Rbe8 Kh6 31.R1e7 Rd5 32.Rc7 Be4+ 33.Kc4 a5 34.Bc3 Bd2 35.c6 Ra4+ 36.Kb3  1-0

[Event "Budapest FS10 GM"]
[Site "Budapest"]
[Date "1993.??.??"]
[Round "2"]
[White "Dao Thien Hai"]
[Black "Liss, Eran"]
[Result "1/2-1/2"]
[WhiteElo "2565"]
[BlackElo "2405"]

1.d4 Nf6 2.c4 g6 3.Nc3 d5 4.cxd5 Nxd5 5.e4 Nxc3 6.bxc3 Bg7 7.Bb5+ c6 8.Ba4 b5
9.Bb3 b4 10.Be3 bxc3 11.Ne2 Ba6 12.Rc1 Nd7 13.f4 O-O 14.Kf2 c5 15.e5 g5 16.g3 e6
17.d5 gxf4 18.gxf4 exd5 19.Bxd5 Rb8 20.Bb3 Bb7 21.Ng3 Bxh1 22.Qxh1 Qh4 23.Qg2 Rb4
24.Kg1 Rxf4 25.Bxf4 Qxf4 26.Rf1 Qxe5 27.Nf5 Kh8 28.Kh1 Rg8 29.Qc6 c2 30.Nd6 Rf8
31.Qxd7 Qf4 32.Rxf4 c1=Q+ 33.Kg2 Qxf4 34.Nxf7+ Rxf7 35.Qxf7 Qxf7 36.Bxf7  1/2-1/2

[Event "Budapest FS03 IM"]
[Site "Budapest"]
[Date "1993.??.??"]
[Round "2"]
[White "Andresen, Steffen"]
[Black "Biliskov, Vjekoslav"]
[Result "1/2-1/2"]
[WhiteElo "2350"]
[BlackElo "2305"]

1.d4 Nf6 2.c4 g6 3.Nc3 d5 4.cxd5 Nxd5 5.e4 Nxc3 6.bxc3 Bg7 7.Bb5+ c6 8.Ba4 b5
9.Bb3 b4 10.Ne2 bxc3 11.Be3 Qa5 12.Qc2 O-O 13.Qxc3 Qxc3+ 14.Nxc3 Rd8 15.e5 Na6
16.O-O c5 17.Rad1 cxd4 18.Bxd4 Bb7 19.f4 e6 20.Nb5 Bf8 21.Be3 Nc5 22.Rxd8 Rxd8
23.Rd1 Rxd1+ 24.Bxd1 Bd5  1/2-1/2

[Event "Budapest FS03 IM"]
[Site "Budapest"]
[Date "1993.??.??"]
[Round "3"]
[White "Demirel, Tolga"]
[Black "Dobos, Jozsef"]
[Result "0-1"]
[WhiteElo "2310"]
[BlackElo "2340"]

1.d4 Nf6 2.c4 g6 3.Nc3 d5 4.cxd5 Nxd5 5.e4 Nxc3 6.bxc3 Bg7 7.Bc4 c5 8.Ne2 Nc6
9.Be3 O-O 10.O-O Qc7 11.Rc1 Rd8 12.Qd2 a6 13.Rfd1 b5 14.Bd3 Bb7 15.f4 e6
16.Qe1 c4 17.Bb1 Ne7 18.Qf2 Re8 19.g4 f5 20.gxf5 gxf5 21.Ng3 fxe4 22.Nh5 Nf5
23.Nxg7 Qxg7+ 24.Kh1 Kh8 25.Rg1 Qf6 26.Rg5 h6 27.Rg4 Rg8 28.Rcg1 Rxg4 29.Rxg4 Rg8
30.Rxg8+ Kxg8 31.Kg1 Qg6+ 32.Kf1 Qg4 33.Ke1 Qh3 34.Kd2 Nxe3 35.Qxe3 Qxh2+
36.Kc1 Qh1+ 37.Kb2 Qg2+ 38.Ka3 Bd5 39.Qe1 Qf3 40.Qc1 a5  0-1

[Event "Spring op"]
[Site "Budapest"]
[Date "1993.??.??"]
[Round "3"]
[White "Gyimesi, Zoltan"]
[Black "Ruck, Robert"]
[Result "1/2-1/2"]
[WhiteElo "2395"]
[BlackElo "2360"]

1.d4 Nf6 2.c4 g6 3.Nc3 d5 4.cxd5 Nxd5 5.e4 Nxc3 6.bxc3 Bg7 7.Bb5+ Bd7 8.Be2 c5
9.Nf3 O-O 10.O-O Bg4 11.Rb1 cxd4 12.cxd4 b6 13.d5 Nd7 14.h3 Bxf3 15.Bxf3 Nc5
16.Bf4 e5 17.dxe6 Qxd1 18.Rfxd1 Nxe6 19.Bd6 Rfd8 20.e5 Rac8 21.Bb7 Rc2 22.Bd5 Bf8
23.Bb3 Rcc8 24.Bxe6 fxe6 25.Rbc1 Bxd6 26.Rxc8 Rxc8 27.Rxd6 Rc1+ 28.Kh2 Rc2
29.Rd8+ Kf7 30.Rd7+ Kf8 31.Rxa7 Rxf2 32.Rb7 Rxa2 33.Rxb6 Re2 34.Rxe6 Kf7
35.Rf6+ Kg7  1/2-1/2

[Event "Spring op"]
[Site "Budapest"]
[Date "1993.??.??"]
[Round "3"]
[White "Blasovszky, Istvan"]
[Black "Berebora, Ferenc"]
[Result "0-1"]
[WhiteElo "2265"]
[BlackElo "2410"]

1.d4 Nf6 2.c4 g6 3.Nc3 d5 4.cxd5 Nxd5 5.e4 Nxc3 6.bxc3 Bg7 7.Bc4 c5 8.Ne2 Nc6
9.Be3 O-O 10.O-O Bg4 11.f3 Na5 12.Bd3 cxd4 13.cxd4 Be6 14.Bf2 Rc8 15.Qd2 Bc4
16.Rab1 b5 17.Rfd1 e6 18.Bxc4 Nxc4 19.Qb4 a5 20.Qe1 b4 21.Nf4 Qd6 22.e5 Qa6
23.Nd3 Na3 24.Nc5 Qc4 25.Rb2 Qd5 26.Qe2 Rc6 27.Bh4 Bxe5 28.Qxe5 Rxc5 29.Qf6 Rb5
30.Re2 Nc4 31.Bg3 Qd8 32.Qf4 Rd5 33.Qe4 Nd6 34.Qd3 Nf5 35.Bf2 Qd7 36.g4 Nxd4
37.Bxd4 Rd8 38.Qa6 Rxd4 39.Rde1 Qd5 40.Kf2 Rd2 41.Rxd2 Qxd2+ 42.Re2 Qd6 43.Qxa5 Qxh2+
44.Ke3 Qg1+ 45.Kf4 Rd5 46.Qa8+ Kg7  0-1

[Event "Budapest FS07 GM"]
[Site "Budapest"]
[Date "1993.??.??"]
[Round "3"]
[White "Lukacs, Peter"]
[Black "Fogarasi, Tibor"]
[Result "1/2-1/2"]
[WhiteElo "2485"]
[BlackElo "2440"]

1.d4 Nf6 2.c4 g6 3.Nc3 d5 4.cxd5 Nxd5 5.e4 Nxc3 6.bxc3 Bg7 7.Bc4 c5 8.Ne2 O-O
9.O-O Nc6 10.Be3 Bg4 11.f3 Na5 12.Bd3 cxd4 13.cxd4 Be6 14.Rc1 Bxa2 15.Qa4 Be6
16.d5 Bd7 17.Qb4 e6 18.Nc3 exd5 19.Nxd5 Be6 20.Rfd1 Bxd5 21.exd5 Re8 22.Bf2 Bf8
23.Qa4 Bd6 24.Bb5 Rf8 25.Bh4 f6 26.Re1 b6 27.Re6 Rc8 28.Rce1 Bc5+ 29.Kh1 Qxd5
30.Rxf6 Qd4 31.Qa2+ Kg7 32.Rxf8 Rxf8 33.Bg3 Bd6 34.Bf2 Qf4 35.Qa1+ Kg8 36.Bg3 Qf6
37.Qa2+ Kg7 38.Bf2 Qf4 39.Qa1+ Kg8 40.Bg1 Qf5 41.Qa2+ Qf7 42.Re6 Be7 43.Qe2 Bf6
44.g4 Bg5 45.Re5  1/2-1/2

[Event "Elekes mem"]
[Site "Budapest"]
[Date "1993.??.??"]
[Round "3"]
[White "Danner, Georg"]
[Black "Holzke, Frank"]
[Result "1/2-1/2"]
[WhiteElo "2385"]
[BlackElo "2380"]

1.d4 Nf6 2.c4 g6 3.Nc3 d5 4.cxd5 Nxd5 5.e4 Nxc3 6.bxc3 Bg7 7.Bc4 c5 8.Ne2 Nc6
9.Be3 O-O 10.O-O Qc7 11.Rb1 a6 12.Qc1 b5 13.Bb3 Na5 14.Bh6 cxd4 15.Bxg7 Kxg7
16.cxd4 Qxc1 17.Rfxc1 Bb7 18.f3 Rfc8 19.Kf2 e6 20.Ke3 Kf6 21.h4 Ke7 22.Kd3 Bc6
23.a3 Bd7 24.Ba2 Rab8 25.Rxc8 Rxc8 26.Nc3 Nc6 27.f4 h5 28.Rb2 Kf8 29.d5 exd5
30.Nxd5 Be6 31.Rc2 b4 32.Ke3 bxa3 33.Rc3 Ne7 34.Rxa3 Rc2 35.g3 Rg2 36.Kd4 a5
37.Nxe7 Rxa2 38.Rxa2 Bxa2 39.Nc6 a4 40.Kc3 Bb1 41.e5 a3 42.Kb3 a2 43.Kb2 Be4
44.Nb4 Ke7 45.Nxa2 Ke6 46.Kc1 f6 47.exf6 Kxf6 48.Kd2 Kf5 49.Ke3 Bb7 50.Nc3 Kg4
51.Kf2 Kh3 52.Ne2 Be4 53.Nd4 Bf5 54.Nf3 Bb1 55.Ne5 Bf5 56.Kf3 Kh2 57.Nf7 Kg1
58.Nh6 Kh2 59.Ng8 Kh3 60.Ne7 Kh2 61.Nc6 Kh3 62.Ne5 Kh2 63.Kf2 Kh3 64.Nf3 Bb1
65.f5 Bxf5  1/2-1/2

[Event "Budapest FS08 IM"]
[Site "Budapest"]
[Date "1993.??.??"]
[Round "3"]
[White "Liedl, Wolfgang"]
[Black "Korpics, Zsolt"]
[Result "1-0"]
[WhiteElo "2215"]
[BlackElo "2330"]

1.d4 Nf6 2.c4 g6 3.Nc3 d5 4.cxd5 Nxd5 5.e4 Nxc3 6.bxc3 Bg7 7.Be3 c5 8.Qd2 Qa5
9.Rc1 cxd4 10.cxd4 Qxd2+ 11.Kxd2 O-O 12.Nf3 Rd8 13.Rc7 Nc6 14.d5 e6 15.Ng5 Be5
16.Rxf7 h6 17.Nxe6 Bxe6 18.Rxb7 Bxd5 19.exd5 Rxd5+ 20.Ke2 Re8 21.Kf3 Rd6
22.g3 Bd4 23.Bxh6 Rf6+ 24.Kg4 Ne5+ 25.Kh3 Rxf2 26.Bb5 Rc8 27.Ba4 Nf3 28.Bb3+ Kh8
29.Bd5 Rc5 30.Bxf3 Rxf3 31.Rd1 Bf6 32.Rdd7 Rc8 33.Rxa7 Rf5 34.Be3  1-0

[Event "Budapest FS05 GM"]
[Site "Budapest"]
[Date "1993.??.??"]
[Round "3"]
[White "Lukacs, Peter"]
[Black "Lingnau, Carsten"]
[Result "1-0"]
[WhiteElo "2480"]
[BlackElo "2415"]

1.d4 Nf6 2.c4 g6 3.Nc3 d5 4.cxd5 Nxd5 5.e4 Nxc3 6.bxc3 Bg7 7.Bc4 c5 8.Ne2 Nc6
9.Be3 O-O 10.O-O Bg4 11.f3 Na5 12.Bd3 cxd4 13.cxd4 Be6 14.Rc1 Bxa2 15.Qa4 Be6
16.d5 Bd7 17.Qb4 e6 18.Nc3 exd5 19.Nxd5 Be6 20.Rfd1 Bxd5 21.exd5 Re8 22.Bf2 Bf8
23.Qa4 Bd6 24.Bb5 Rf8 25.Bh4 f6 26.Re1 b6 27.Re6 Rc8 28.Rce1 Bc5+ 29.Kf1 Qxd5
30.Bxf6 Rxf6 31.Rxf6 Qd2 32.Qh4 g5 33.Qg3 Bb4 34.Rfe6 Rc1 35.Qb8+ Bf8 36.Rxc1 Qxc1+
37.Re1 Qc5 38.Qe8 a6 39.Bxa6 Nc6 40.Qe6+  1-0